00554nam a2200133 a 4500008004100000050002800041110006000069245015100129260003800280300002000318350000900338500004100347650003200388150430s1982 ||||||||||||||||| || u aGOV.ZAM(05)DPD/1982/59F aGovernment of the Republic of Zambia. National Assembly10aRepublic of Zambia. Daily parliamentary debates, official verbatim report of the debates of the fourth session... (1982)cBy the National Assembly aLusaka:bGovernment Printerc1982 avarious pagings a0.00 aLIBRARY HOLDINGS:1982,January-March. aDAILY PARLIAMENTARY DEBATES